Essentials of organizational behavior / (Record no. 283725)
[ view plain ]
| 000 -LEADER | |
|---|---|
| fixed length control field | 01313cam a2200277 a 4500 |
| 001 - CONTROL NUMBER | |
| control field | SSB062169 |
| 003 - CONTROL NUMBER IDENTIFIER | |
| control field | SISC |
| 005 - DATE AND TIME OF LATEST TRANSACTION | |
| control field | 20170125102645.0 |
| 008 - FIXED-LENGTH DATA ELEMENTS--GENERAL INFORMATION | |
| fixed length control field | 100729s2012 njua b 001 0 eng |
| 010 ## - LIBRARY OF CONGRESS CONTROL NUMBER | |
| LC control number | 2010031990 |
| 020 ## - INTERNATIONAL STANDARD BOOK NUMBER | |
| International Standard Book Number | 9780273752660 |
| 020 ## - INTERNATIONAL STANDARD BOOK NUMBER | |
| International Standard Book Number | 9780273779766 |
| 035 ## - SYSTEM CONTROL NUMBER | |
| System control number | (OCoLC)ocn651153797 |
| 040 ## - CATALOGING SOURCE | |
| Original cataloging agency | DLC |
| Transcribing agency | DLC |
| Modifying agency | YDX |
| -- | YDXCP |
| -- | BWX |
| -- | DLC |
| 050 00 - LIBRARY OF CONGRESS CALL NUMBER | |
| Classification number | HD 58.7 |
| Item number | .R538 2013 |
| 100 1# - MAIN ENTRY--PERSONAL NAME | |
| Personal name | Robbins, Stephen P. |
| Dates associated with a name | 1943- |
| 245 10 - TITLE STATEMENT | |
| Title | Essentials of organizational behavior / |
| Statement of responsibility, etc | Stephen P. Robbins, Timothy A. Judge. |
| 250 ## - EDITION STATEMENT | |
| Edition statement | 11th edition. |
| 260 ## - PUBLICATION, DISTRIBUTION, ETC. (IMPRINT) | |
| Place of publication, distribution, etc | Upper Saddle River, N.J. : |
| Name of publisher, distributor, etc | Pearson Prentice Hall, |
| Date of publication, distribution, etc | 2013. |
| 300 ## - PHYSICAL DESCRIPTION | |
| Extent | xxv, 334 pages : |
| Other physical details | illustrations ; |
| Dimensions | 24 cm. |
| 504 ## - BIBLIOGRAPHY, ETC. NOTE | |
| Bibliography, etc | Includes bibliographical references and index. |
| 505 0# - FORMATTED CONTENTS NOTE | |
| Formatted contents note | Introduction to organizational behavior -- Diversity in organizations -- Perception and individual decision making -- Job attitudes -- Motivation concepts -- Motivation: from concepts to applications -- Emotions and moods -- Foundations of group behavior -- Understanding work teams -- Communication -- Leadership -- Power and politics -- Conflict and negotiation -- Foundations of organization structure -- Organizational culture -- Organizational change. |
| 650 #0 - SUBJECT ADDED ENTRY--TOPICAL TERM | |
| Topical term or geographic name as entry element | Organizational behavior. |
| 700 1# - ADDED ENTRY--PERSONAL NAME | |
| Personal name | Judge, Tim. |
| 942 ## - ADDED ENTRY ELEMENTS (KOHA) | |
| Source of classification or shelving scheme | Library of Congress Classification |
| Koha item type | Books |
| Withdrawn status | Lost status | Source of classification or shelving scheme | Damaged status | Home library | Current library | Shelving location | Date acquired | Source of acquisition | Sub Shelving location | Total Checkouts | Total Renewals | Full call number | Barcode | Date last seen | Date checked out | Price effective from | Koha item type |
|---|---|---|---|---|---|---|---|---|---|---|---|---|---|---|---|---|---|
| Library of Congress Classification | College Library | College Library | Reserve Section | 03/05/2015 | Library Fund | 2 | 3 | HD 58.7 .R538 2013 | C19154 | 05/15/2018 | 03/04/2017 | 03/05/2015 | Books | ||||
| Library of Congress Classification | College Library | College Library | Reserve Section | 11/23/2015 | Library Fund | 3 | HD 58.7 .R538 2013 | C20290 | 05/15/2018 | 02/09/2018 | 11/23/2015 | Books |